Makers of the modern theater

Сохранить в:
Библиографические подробности
Главный автор: Ulanov, Barry (Автор)
Формат:
Язык:английский
Опубликовано: Nueva York McGraw-Hill 1961
Предметы:
Метки: Добавить метку
Нет меток, Требуется 1-ая метка записи!

MARC

LEADER 00000nam a2200000 a 4500
001 UCU4958
003 CL-VaPUC
008 960531e19610000US |||||||||||||||||eng|d
082 0 4 |a 808.82  |b ULA  |2 21 
100 0 |a Ulanov, Barry  |e author  |9 362763 
245 1 0 |a Makers of the modern theater 
300 |a 743 p 
942 |c BK 
945 |d 19960531 00:00:00  |a rleighto 
260 |a Nueva York  |b McGraw-Hill  |c 1961 
600 0 |a Ibsen, Henrik   |d 1828-1906  |9 349947 
600 0 7 |a CHEJOV, ANTON PAVLOVICH  |2 CL-VaPUC  |9 352083 
600 0 7 |a SHAW, GEORGE BERNARD  |2 CL-VaPUC  |9 322529 
600 0 7 |a PIRANDELLO, LUIGI  |2 CL-VaPUC  |9 338032 
600 0 7 |a ANOUILH, JEAN  |2 CL-VaPUC  |9 339519 
600 0 |a García Lorca, Federico   |e autor   |9 315690 
600 0 7 |a WILLIAMS, TENNESSEE  |2 CL-VaPUC  |9 362698 
650 0 |a Dramas noruegos  |9 330527 
650 0 |a Dramas rusos  |9 267682 
650 7 |a DRAMAS IRLANDESES  |2 CL-VaPUC  |9 362764 
650 7 |a DRAMAS ITALIANOS  |2 CL-VaPUC  |9 362765 
650 7 |a DRAMAS FRANCESES  |2 CL-VaPUC  |9 267189 
650 0 |a Dramas españoles  |9 267081 
650 7 |a DRAMAS ESTADOUNIDENSES  |2 CL-VaPUC  |9 267218 
583 |a last modification  |c 19960531 00:00:00  |k Rodrigo Vera 
999 |c 248482  |d 248480 
952 |0 0  |1 0  |4 0  |6 808_820000000000000_ULA_1961  |7 0  |8 A  |9 265107  |a BIBEDU  |b BIBEDU  |d 2019-11-19  |i 3205193  |o 808.82 ULA 1961  |p 3205193  |r 2019-11-19  |w 2019-11-19  |y BK  |k LIT